| 000 | 01415nam0a2200325 4500 | ||
|---|---|---|---|
| 001 | RU\NLR\bibl\64914 | ||
| 005 | 20260406054951.0 | ||
| 010 | _a5-89768-001-9 | ||
| 021 |
_aRU _b98-46941 _92259 |
||
| 035 | _a(NLR Aleph) 000063319 | ||
| 090 |
_a346033 _c346033 |
||
| 100 | _a19991221d1998 |||y0rusy50 ca | ||
| 101 | 1 |
_arus _ceng _deng |
|
| 102 | _aRU | ||
| 105 | _aa ||||||||| | ||
| 200 | 1 |
_aОт имени своего народа _e[Выступления] _fД-р Махатхир Мохамад _g[Пер. с англ. Каргановой Т.А. _gВступ. ст. и прим. Гончаренко С.Н., д.ист.н. ] _gИн-т Дал. Востока РАН |
|
| 210 |
_aМ. _cЛетопись _d1998 |
||
| 215 |
_a[1],279, [1]c. _cцв. портр. _d20 |
||
| 300 | _aРез. на англ. яз. | ||
| 600 | 1 |
_aМохамад _bМ. _f1925 _gМахатхир _jЛекции, доклады и т.п. _92143386 _3RU\NLR\auth\661291597 |
|
| 607 |
_aМалайзия _jЛекции, доклады и т.п. _xИстория _z1945 - _92143396 _3RU\NLR\auth\661291603 |
||
| 686 | _aТ3(5М)63-8,013 | ||
| 686 | _aТ3(5М)63,013 | ||
| 700 | 0 |
_4070 _8rus _7ca _aМахатхир Мохамад _f1925- _3RU\NLR\auth\779432 _9119261 |
|
| 801 | 0 |
_aRU _bNLR _c19991221 _gPSBO |
|
| 801 | 1 |
_aRU _bNLR _c19991221 |
|
| 852 |
_aNLR _j99-3/16453 |
||
| 942 | _cBOOK | ||
| 980 | _aNB | ||